Házasság

Sobáš dcéry hlavného rabína Humenného Amálie Salzer s kandidátom na rabína z obce Kolta (HU) dňa 27.10.1908. * Adolf Schönfeld z Medzilaboriec sa zosobášil 3. 11. 1908 s Gizelou Löwy z Hegyaljamád (HU) 3. novembra 1908.

Podrobná bibliografia
Médium: Článok
Jazyk:Hungarian
Témy:
Zdroj: 1. Felvidéki Hirlap : Közgazdasági, társadalmi és szépirodalmi hetilap 1. Roč. 1, č. 33 (01.11.1908) s. 2
LEADER 01219nab#a2200337#ar4500
001 000072999
003 SVKKK
005 20030605xxxxxxx.
008 06 c xo huno
FMT
038 |a SVKKK 
040 |a SVKKK  |b slo  |e AACR2 
041 0 |a hun 
044 |a xo  |c SK 
080 |a 392 
242 1 0 |a Sobáš 
245 0 0 |a Házasság 
500 |a mikrofilm 
520 2 |a Sobáš dcéry hlavného rabína Humenného Amálie Salzer s kandidátom na rabína z obce Kolta (HU) dňa 27.10.1908. * Adolf Schönfeld z Medzilaboriec sa zosobášil 3. 11. 1908 s Gizelou Löwy z Hegyaljamád (HU) 3. novembra 1908. 
650 0 4 |a Schönfeld, Adolf (?) - Medzilaborce (pôsobenie) - Löwy, Gizela (nevesta) - Hegyaljamád (HU) - 3.11.1908 - správy 
650 0 4 |a sobáše - Reichard, Aron (kandidát na rabína) - Kolta (HU) - Salzer, Amália (nevesta) - Humenné - 27.10.1908 - správy 
773 0 |t Felvidéki Hirlap : Közgazdasági, társadalmi és szépirodalmi hetilap  |g Roč. 1, č. 33 (01.11.1908) s. 2 
957 |a Hegyaljamád (HU) 
957 |a Humenné 
957 |a Kolta (HU) 
958 |a DG 
958 |a SK 
974 |a Ba  |d 20030605 
992 |a RBX 
BAS
998 |a RETRO